Avtomatizacija rešenija zadač upravlenija
Guardado en:
| Autor principal: | |
|---|---|
| Formato: | Libro |
| Lenguaje: | ruso |
| Publicado: |
Moskva
Mir
1982
|
| Etiquetas: |
Sin Etiquetas, Sea el primero en etiquetar este registro!
|
MARC
| LEADER | 00000nam a2200000 4500 | ||
|---|---|---|---|
| 001 | c137477 | ||
| 005 | 20231103121831.1 | ||
| 041 | 0 | |a rus | |
| 044 | |a RU | ||
| 245 | 1 | 0 | |a Avtomatizacija rešenija zadač upravlenija |c Yavier Castellani |
| 264 | 1 | |a Moskva |b Mir |c 1982 | |
| 300 | |a 471 s. | ||
| 100 | 1 | |a Castellani, Yavier | |